Origine et finalité de la Cité idéale : la guerre dans la philosophie grecque (notice n° 1631486)
[ vue normale ]
| 000 -LEADER | |
|---|---|
| fixed length control field | 01500cam a2200169 4500500 |
| 005 - DATE AND TIME OF LATEST TRANSACTION | |
| control field | 20260111105813.0 |
| 041 ## - LANGUAGE CODE | |
| Language code of text/sound track or separate title | fre |
| 042 ## - AUTHENTICATION CODE | |
| Authentication code | dc |
| 100 10 - MAIN ENTRY--PERSONAL NAME | |
| Personal name | Ramel, Frédéric |
| Relator term | author |
| 245 00 - TITLE STATEMENT | |
| Title | Origine et finalité de la Cité idéale : la guerre dans la philosophie grecque |
| 260 ## - PUBLICATION, DISTRIBUTION, ETC. | |
| Date of publication, distribution, etc. | 2002.<br/> |
| 500 ## - GENERAL NOTE | |
| General note | 57 |
| 520 ## - SUMMARY, ETC. | |
| Summary, etc. | Résumé Dans la Grèce antique, la guerre semble être l’état normal des Cités. Toutefois, la philosophie écarte ce phénomène lorsqu’elle examine l’origine ou la finalité des unités politiques. Platon et Aristote prônent un idéal d’autarcie et du juste milieu qui fait de l’inimitié un mécanisme risquant de briser l’essence même de la Cité. Un tel positionnement s’explique par la peur de la démesure, la recherche de la vertu et du bien en soi et, enfin, par la nécessité de la sagesse, source de perfection en toute chose. |
| 520 ## - SUMMARY, ETC. | |
| Summary, etc. | In ancient Greece, war seems to be the normal state of Cities. However, philosophy does not take care of such phenomena when it studies origin or aim of political unities. Plato and Aristotle sticks to an ideal of autarcy and fair middle, rejecting enmity as a mechanism which could destroy the essence of City. This thinking results from fear of hubris, research of virtue and hence, the need of wisdom. |
| 786 0# - DATA SOURCE ENTRY | |
| Note | Raisons politiques | 5 | 1 | 2002-02-01 | p. 109-125 | 1291-1941 |
| 856 41 - ELECTRONIC LOCATION AND ACCESS | |
| Uniform Resource Identifier | <a href="https://shs.cairn.info/revue-raisons-politiques-2002-1-page-109?lang=fr&redirect-ssocas=7080">https://shs.cairn.info/revue-raisons-politiques-2002-1-page-109?lang=fr&redirect-ssocas=7080</a> |
Pas d'exemplaire disponible.




Réseaux sociaux